000 00707nam a2200253 i 4500
001 105931
003 ES-MaACL
005 20250727033925.0
007 t|
008 060913s1978 sp ||||1| spa d
020 _a84-323-0316-X
080 _a141.82(04)
100 1 _aAlthusser, Louis.
_920538
245 1 0 _aLo que no puede durar en el partido comunista /
_cpor Louis Althusser.
250 _a1ª ed.
260 _aMadrid :
_bSiglo XXI de España,
_c1978.
300 _a114 p. ;
_c18 cm.
490 1 _aTeoría
500 _aBiblioteca Juan Andrade.
650 7 _aComunismo
_2embne
_911211
830 0 _aTeoría
_9177535
852 _aES-MaACL
_jAND-887
_bR.110175
999 _c105931
_d105931